000
00328 a2200145 4500
001
163153
020
_a
040
_c
Magnum
100
_a
Chiavenato, Julio Jose
240
1
0
_a
As varias faces da inconfidencia
_l
por
245
1
0
_a
As varias faces da inconfidencia
362
0
_a
1899
697
_a
PARADIDATICO
942
_c
BK
999
_c
163153
_d
163153